The prune industry of France / (Record no. 12226)

MARC details
000 -LEADER
fixed length control field 00903cam a22003011a 4500
001 - CONTROL NUMBER
control field agr67000253
003 - CONTROL NUMBER IDENTIFIER
control field DLC
005 - DATE AND TIME OF LATEST TRANSACTION
control field 20260227111026.0
008 - FIXED-LENGTH DATA ELEMENTS--GENERAL INFORMATION
fixed length control field 860225s1967 dcuab b f000 0 eng c
010 ## - LIBRARY OF CONGRESS CONTROL NUMBER
LC control number agr67000253
035 ## - SYSTEM CONTROL NUMBER
System control number (OCoLC)13193296
040 ## - CATALOGING SOURCE
Original cataloging agency U.S. Nat'l Agr. Libr.
Transcribing agency NhD
Modifying agency NhD
-- DNAL
-- DLC
042 ## - AUTHENTICATION CODE
Authentication code premarc
043 ## - GEOGRAPHIC AREA CODE
Geographic area code e-fr---
050 00 - LIBRARY OF CONGRESS CALL NUMBER
Classification number S21
Item number .Z2383 no. 189
070 0# - NATIONAL AGRICULTURAL LIBRARY CALL NUMBER
Classification number A281.9
Item number F76Fm no.189
072 0# - SUBJECT CATEGORY CODE
Subject category code S200
082 ## - DEWEY DECIMAL CLASSIFICATION NUMBER
Classification number 338.1/7/42209447
100 1# - MAIN ENTRY--PERSONAL NAME
Personal name Mehr, Stanley,
Dates associated with a name 1918-
245 14 - TITLE STATEMENT
Title The prune industry of France /
Statement of responsibility, etc. [by Stanley Mehr].
260 ## - PUBLICATION, DISTRIBUTION, ETC.
Place of publication, distribution, etc. Washington, D.C. :
Name of publisher, distributor, etc. U.S. Dept. of Agricultural, Foreign Agricultural Service,
Date of publication, distribution, etc. 1967.
300 ## - PHYSICAL DESCRIPTION
Extent iv, 32 p. :
Other physical details ill., 1 map ;
Dimensions 26 cm.
490 1# - SERIES STATEMENT
Series statement FAS-M ;
Volume/sequential designation 189
500 ## - GENERAL NOTE
General note Cover title.
504 ## - BIBLIOGRAPHY, ETC. NOTE
Bibliography, etc. note Includes bibliographical references.
650 #0 - SUBJECT ADDED ENTRY--TOPICAL TERM
Topical term or geographic name entry element Prune
Geographic subdivision France.
830 #0 - SERIES ADDED ENTRY--UNIFORM TITLE
Uniform title FAS M. ;
Volume/sequential designation 189.

No items available.

Powered by Koha